00321nam a22000977a 450000500170000000800410001704000130005810000320007124500930010326000270019620250929100537.0250929b |||||||| |||| 00| 0 eng d aKMUcKMU aMkonda, GraceeAgroforestry aThe Effects of Applying Azandirachta Indica Leaf Tea on Brassica Napus as a Biopesticide aChinsali;bKMU,c2019.